LEADER 01683nam a2200349 u 4500 001 000000026743 003 CaOOAMICUS 005 20121123121006.0 008 950801s1952 enk u000 u lat u 035 $a10691734 040 $aISV$bita 100 1 $aTacitus, Publius Cornelius,$dc. 55-120.$0(OLS)http://pul/name/4986 240 10$aSelections$9(Tacitus, Cornelius).$0(OLS)http://pul/title/36673 245 10$aCornelii Taciti Opera minora /$crecognovit brevique adnotatione critica instruxit Henricus Furneaux ... ; Germaniam et Agricolam recensuit J.G.C. Anderson. 260 $aOxford :$bClarendon,$c1952. 300 $a[118] p. ;$c19 cm 490 1 $aScriptorum classicorum bibliotheca Oxoniensis 500 $aComprende indici 504 $aBibliografia in nota 505 0 $a1. De origine et situ germanorum. -- 2. Vita agricolae. -- 3. Dialogus de oratoribus. 700 1 $aAnderson, J. G. C.$q(John George Clark),$d1870-1952.$0(OLS)http://pul/name/21955 700 1 $aFurneaux, Henry,$d1829-1900.$0(OLS)http://pul/name/21954 830 0$aScriptorum classicorum bibliotheca Oxoniensis.$0(OLS)http://pul/title/310 850 $aPUL 852 $aPUL$W1$xDP1 Fondo Maccarrone$y58$m1506 D 39$j37334$nBK-PRI$b $qFondi$B37334$CPULBib$Z2$F37334 $H $81 900 $aTacitus, Cornelius,$dc. 55-120$94986 900 $aTacito, Publio Cornelio,$dc. 55-120$94986 900 $aTacitus, Caius Cornelius,$dc. 55-120$94986 941 1 $a1 961 $aINV: 01848 -- Fondo Mons. M. Maccarrone 996 $6245$aCornelii Taciti Opera minora$9(OLS)http://pul/title/36674 996 $6260$aOxford :$bClarendon$9(OLS)http://pul/publisher/52259 LEADER 01354nam a2200313 a 4500 001 000000127836 003 CaOOAMICUS 005 20120229114320.0 008 120229s2011 it u000 u ita r 040 $aPUL$bita 041 1 $aita$hfre 082 04$a808.8 100 1 $aBalzac, Honoré de,$d1799-1850.$0(OLS)http://pul/name/36578 240 10$aColonel Chabert.$lItaliano.$0(OLS)http://pul/title/161535 245 13$aIl colonnello Chabert /$cHonoré de Balzac ; introduzione di Francesco Merlo ; traduzione di Irma Zorzi. 260 $aRoma :$bGruppo editoriale l'Espresso,$c©2011. 300 $a93 p. ;$c20 cm 490 1 $aI Grandi della narrativa ;$v18 500 $aSul front.: La biblioteca di Repubblica. 700 1 $aMerlo, Francesco.$0(OLS)http://pul/name/81628 700 1 $aZorzi, Irma.$0(OLS)http://pul/name/81629 830 0$aGrandi della narrativa (L'Espresso) ;$v18.$0(OLS)http://pul/title/159128 850 $aPUL 852 $aPUL$W1$xDP2 Cons. Gen., Altre Classi 3$y97$m808. 8 COLL 2.18$j147905$qDDC 21$B146523$CPULBib$Z2$F146523 $H118460 $82 941 1 $a9 996 $6082$a808.8$9(OLS)http://pul/classification/2065 996 $6245$aIl colonnello Chabert$9(OLS)http://pul/title/161536 996 $6260$aRoma :$bGruppo editoriale l'Espresso$9(OLS)http://pul/publisher/79104